Nérée Beauchemin: Son oeuvre

Uloženo v:
Podrobná bibliografie
Hlavní autor: Guilmette, Armand
Médium: Kniha
Jazyk:Undetermined
Vydáno: Montreal, Canadá Les Presses de L´Universite du Québec 1973
Témata:
Tagy: Přidat tag
Žádné tagy, Buďte první, kdo vytvoří štítek k tomuto záznamu!

MARC

LEADER 00000nam a2200000Ia 4500
008 170316s9999 xx 000 0 und d
040 |a cru BVZT 
090 |a 818 G-21.2n 
100 |a Guilmette, Armand 
245 |a Nérée Beauchemin: Son oeuvre 
260 |a Montreal, Canadá 
260 |b Les Presses de L´Universite du Québec 
260 |c 1973 
300 |a 661 páginas 
650 |a LITERATURA CANADIENSE 
999 |c 6443  |d 6443 
942 |c 15 D  |h 818 G-21.2n  |2 z